000 00798cab a2200229 4500
001 X3150
008 090401t1996 xxu||||| |||| 00| 0 eng d
035 _a(Sirsi) u28746
041 _aeng
245 _aR v SoS Environment and Hereford & Worcester CC ex p Badman
260 _c1996
350 _a0
490 _aNew Property Cases
_v(1996) NPC 25, (2)
520 _aJudicial review - classification of path as bridleway - Wildlife and Countryside Act 1981 Sched.15 para.12(1) - Highways Act 1980 s.31(1) NOT TO BE PHOTOCOPIED
650 _aBRIDLEWAYS
650 _aHIGHWAYS ACT 1980 S31
650 _aR V SOS ENVIRONMENT AND ANOTHER EX P BADMAN
650 _aWILDLIFE AND COUNTRYSIDE ACT 1981 S53
690 _aPLANNING LAW AND PRACTICE-CASE LAW
942 _n0
948 _c04/03/1997
999 _c19330
_d19330